LEADER 01406nam a2200325 a 4500 001 000000149153 003 CaOOAMICUS 005 20160205131219.0 008 160205s2005 mau u000 u eng r 020 $z9781118615829* 032 $aLibriCat 040 $aPUL$bita 082 04$a332.1 245 00$aBusiness and religion :$ba clash of civilizations? /$cedited by Nicholas Capaldi. 260 $aSalem, MA :$bM&M Scrivener Press,$cİ2005. 300 $av, 442 p. ;$c23 cm. 490 1 $aConflicts and trends in business ethics 504 $aInclude riferimenti bibliografici. 650 4$aEconomia e religione.$0(OLS)http://pul/subject/19411 650 4$aDenaro$xAspetti etici e sociali.$0(OLS)http://pul/subject/41487 700 1 $aCapaldi, Nicholas.$0(OLS)http://pul/name/95136 830 0$aConflicts and trends in business ethics.$0(OLS)http://pul/title/188062 850 $aPUL 852 $aPUL$W1$xSL Diritto e Scienze Sociali 3$y79$m332. 1 CAPNI 1$j171820$qDDC 21$B173384$CPULBib$Z2$F173384 $H127028 $81 941 1 $a9 996 $6020$z9781118615829*$9(OLS)http://pul/number/159554 996 $6082$a332.1$9(OLS)http://pul/classification/2881 996 $6245$aBusiness and religion :$ba clash of civilizations?$9(OLS)http://pul/title/188061 996 $6260$aSalem, MA :$bM&M Scrivener Press$9(OLS)http://pul/publisher/84522 LEADER 01027nam a2200229 u 4500 001 000000046244 003 CaOOAMICUS 005 20070226114743.0 008 990705s1912 gw u000 u ger u 035 $a10828704 040 $aPUL(R)$bita 100 1 $aKayser, Heinrich.$0(OLS)http://pul/name/33664 245 14$aDie Schriften des sogennanten Arnobius junior :$bdogmengeschichte und literarisch untersucht /$cvon ... Heinrich Kayser .. 260 $aGütersloh :$bDruck und Verlag von C. Bertlesmann,$c1912. 300 $a198 p. ;$c22 cm 504 $aBibliografia in nota. 600 04$aArnobius Iunior,$dm. 450.$0(OLS)http://pul/subject/10300 850 $aPUL 852 $aPUL$W1$xDP2 Religione 1$y63$m25 B 15$j62035$nBK-PRI$qStampati$B62035$CPULBib$Z2$F62035 $82 941 1 $a8 996 $6245$aDie Schriften des sogennanten Arnobius junior :$bdogmengeschichte und literarisch untersucht$9(OLS)http://pul/title/62313 996 $6260$aGütersloh :$bDruck und Verlag von C. Bertlesmann$9(OLS)http://pul/publisher/66428